Состояние и перспективы развития геофизических работ в Восточной Сибири при изучении геологического строения и поисках твердых полезных ископаемых: тезисы докладов II региональной научно-технической геофизической конференции

Détails bibliographiques
Collectivités auteurs: Восточно-Сибирский научно-исследовательский институт геологии, геофизики и минерального сырья (ВостСибНИИГГиМС), Иркутское геологическое управление, Иркутский политехнический институт (ИрПИ), Состояние и перспективы развития геофизических работ в Восточной Сибири при изучении геологического строения и поисках твердых полезных ископаемых конференция
Autres auteurs: Барышев А. С. (редактор)
Langue:russe
Publié: Иркутск, Восточно-Сибирское кн. изд-во, 1973
Sujets:
Format: MixedMaterials Livre
KOHA link:https://koha.lib.tpu.ru/cgi-bin/koha/opac-detail.pl?biblionumber=133134

MARC

LEADER 00000nam0a2200000 4500
001 133134
005 20231101220418.0
035 |a (RuTPU)RU\TPU\book\144262 
090 |a 133134 
100 |a 20080313d1973 km y0rusy50 ca 
101 0 |a rus 
102 |a RU 
105 |a y z 100zy 
200 1 |a Состояние и перспективы развития геофизических работ в Восточной Сибири при изучении геологического строения и поисках твердых полезных ископаемых  |e тезисы докладов II региональной научно-технической геофизической конференции  |f Восточно-Сибирский научно-исследовательский институт геологии, геофизики и минерального сырья (ВостСибНИИГГиМС) ; Иркутское геологическое управление ; Иркутский политехнический институт (ИрПИ); под ред. А. С. Барышева 
210 |a Иркутск  |c Восточно-Сибирское кн. изд-во  |d 1973 
215 |a 95 с. 
610 1 |a состояние 
610 1 |a геофизические работы 
610 1 |a Восточная Сибирь 
610 1 |a изучение 
610 1 |a геологическое строение 
610 1 |a поиски 
610 1 |a твердые полезные ископаемые 
610 1 |a тезисы 
675 |a 550.83(063)  |v 3 
702 1 |a Барышев  |b А. С.  |4 340 
712 0 2 |a Восточно-Сибирский научно-исследовательский институт геологии, геофизики и минерального сырья (ВостСибНИИГГиМС)  |c (Иркутск)  |2 stltpush  |3 (RuTPU)RU\TPU\col\2421 
712 0 2 |a Иркутское геологическое управление  |2 stltpush  |3 (RuTPU)RU\TPU\col\9948  |9 24766 
712 0 2 |a Иркутский политехнический институт (ИрПИ)  |c (1960-1993)  |2 stltpush  |3 (RuTPU)RU\TPU\col\233 
712 1 0 |a Состояние и перспективы развития геофизических работ в Восточной Сибири при изучении геологического строения и поисках твердых полезных ископаемых  |b конференция  |d II  |e Иркутск  |f 1973 
801 1 |a RU  |b 63413507  |c 20080313  |g PSBO 
801 2 |a RU  |b 63413507  |c 20090202  |g PSBO 
942 |c BK